00319nam a2200109Ia 4500008004000000082001900040100002800059245002700087260003900114300000800153650004800161210210b2003 xxu||||| |||| 00| 0 eng d a321.80954 SHAC aSHALINI (M) and others. aConstitution of India. aMangalorebSt. Agnes Collegec2003 a300 aConstitution India Human Rights Environment